000 01120nam a2200301 i 4500
999 _c10086
_d10086
001 vtls002732420
003 NUKAT
005 20190530133438.0
008 130128s1979 ru f |001 0 rusoc
035 _axx002732420
039 9 _a201404170638
_bkopul
_c201302050845
_dvus
_c201302050104
_dVLOAD
_c201302040944
_dpaku
040 _aKAT U/TK
_cKAT U/TK
_dKAT U/TKs
041 1 _arus
_heng
100 1 _aPagan, Frank G.
240 1 0 _aPractical guide to ALGOL 68
_l(ros.)
245 1 0 _aPraktičeskoe rukovodstvo po Algolu 68 /
_cF. Pejgan ; per. s angl. A. F. Rara ; pod red. A. P. Eršova.
260 _aMoskva :
_b"Mir",
_c1979.
300 _a240 s. ;
_c22 cm.
490 1 _aMatematičeskoe Obespečenie ÈVM
504 _aBibliogr. s. 222-224. Indeksy.
650 _aALGOL (język programowania).
700 1 _aRar, Aleksandr Fedorovič.
_eTł.
700 1 _aEršov, Andrej Petrovič
_d(1931-1988).
_eRed.
830 0 _aMatematičeskoe Obespečenie ÈVM
942 _2ddc
_cBK